000 00832nmm a2200265 a 4500
001 ocm000608277
003 TR-IsHL
005 20201028134602.0
008 131203s1999 tu tur
007 cr cn
020 _a9789753740227
035 _a608277
_b(N$T)
050 0 4 _aTH1098
_b.C67 1999
090 0 4 _aTH1098
_b.C67 1999
100 1 _aÇoşgun, Nilay
245 1 0 _aÇağdaş yapım teknikleri ders notları
_h[electronic resource] /
_cNilay Çoşgun
260 _aEdirne :
_bTrakya Üniversitesi,
_c1999
300 _a94 p.
650 4 _aMimarlık ve Tasarım
650 4 _aArchitecture and Design
650 0 _aBinalar
650 0 _aBuildings
650 7 _aARCHITECTURE / Buildings / General
_2bisacsh
856 4 0 _uhttp://search.ebscohost.com/login.aspx?direct=true&scope=site&db=e011xww&AN=608277
999 _c6273
_d6273